000 00805cab a2200229 4500
001 WB3424-12
008 090401t1998 xxu||||| |||| 00| 0 eng d
035 _a(Sirsi) u86998
041 _aeng
245 _aWildlife laws fail to protect
260 _c1998
350 _a0
490 _aGuardian
_v24 June 1998, 8(1)
520 _aThe Royal Society for the Protection of Birds has launched a campaign to introduce tougher wildlife laws to stop deterioration of sites of special scientific interest. Lists some sites where rare plants, animals and birds are under threat.
650 _aLEGISLATION
650 _aRSPB
650 _aSITES OF SPECIAL SCIENTIFIC INTEREST
650 _aWILDLIFE CONSERVATION
690 _aENVIRONMENTAL AND LAND CONSULTANCY
942 _n0
948 _c24/06/1998
999 _c54800
_d54800